<?xml version="1.0" encoding="UTF-8"?>
<record
    xmlns:xsi="http://www.w3.org/2001/XMLSchema-instance"
    xsi:schemaLocation="http://www.loc.gov/MARC21/slim http://www.loc.gov/standards/marcxml/schema/MARC21slim.xsd"
    xmlns="http://www.loc.gov/MARC21/slim">

  <leader>00551nam a22001817a 4500</leader>
  <controlfield tag="005">20250718085625.0</controlfield>
  <controlfield tag="008">250718b        |||||||| |||| 00| 0 eng d</controlfield>
  <datafield tag="020" ind1=" " ind2=" ">
    <subfield code="a">978-1-111-35234-9</subfield>
  </datafield>
  <datafield tag="050" ind1=" " ind2=" ">
    <subfield code="a">D21 .H36 2013 V.1</subfield>
  </datafield>
  <datafield tag="100" ind1=" " ind2=" ">
    <subfield code="a">HANSEN, VALERIE</subfield>
  </datafield>
  <datafield tag="245" ind1=" " ind2=" ">
    <subfield code="a">VOYAGES IN WORLD HISTORY: TO 1600</subfield>
  </datafield>
  <datafield tag="260" ind1=" " ind2=" ">
    <subfield code="a">BOSTON, MA </subfield>
    <subfield code="b">WADSWORTH/CENGAGE LEARNING, </subfield>
    <subfield code="c">2013</subfield>
  </datafield>
  <datafield tag="300" ind1=" " ind2=" ">
    <subfield code="a">XXXI,367P.:ILL</subfield>
  </datafield>
  <datafield tag="500" ind1=" " ind2=" ">
    <subfield code="a">INCLUDES BIBLIOGRAPHICAL REFERENCES AND INDEX</subfield>
  </datafield>
  <datafield tag="650" ind1=" " ind2=" ">
    <subfield code="a"> WORLD HISTORY--TEXTBOOKS</subfield>
  </datafield>
  <datafield tag="700" ind1=" " ind2=" ">
    <subfield code="a">CURTIS, KENNETH ROBERT</subfield>
  </datafield>
  <datafield tag="942" ind1=" " ind2=" ">
    <subfield code="2">lcc</subfield>
    <subfield code="c">BK</subfield>
  </datafield>
  <datafield tag="999" ind1=" " ind2=" ">
    <subfield code="c">215930</subfield>
    <subfield code="d">215930</subfield>
  </datafield>
  <datafield tag="952" ind1=" " ind2=" ">
    <subfield code="0">0</subfield>
    <subfield code="1">0</subfield>
    <subfield code="2">lcc</subfield>
    <subfield code="4">0</subfield>
    <subfield code="6">D0021 H36  02013 V.00001</subfield>
    <subfield code="7">0</subfield>
    <subfield code="8">ARTS</subfield>
    <subfield code="9">372578</subfield>
    <subfield code="a">KSUL</subfield>
    <subfield code="b">KSUL</subfield>
    <subfield code="c">DISPLAY</subfield>
    <subfield code="d">2025-07-18</subfield>
    <subfield code="i">109300</subfield>
    <subfield code="l">0</subfield>
    <subfield code="o">D21 .H36 2013 V.1</subfield>
    <subfield code="p">000000018239</subfield>
    <subfield code="r">2025-07-18 09:00:41</subfield>
    <subfield code="t">1</subfield>
    <subfield code="w">2025-07-18</subfield>
    <subfield code="y">BK</subfield>
  </datafield>
  <datafield tag="952" ind1=" " ind2=" ">
    <subfield code="0">0</subfield>
    <subfield code="1">0</subfield>
    <subfield code="2">lcc</subfield>
    <subfield code="4">0</subfield>
    <subfield code="6">D0021 H36  02013 V.00001</subfield>
    <subfield code="7">0</subfield>
    <subfield code="8">ARTS</subfield>
    <subfield code="9">372579</subfield>
    <subfield code="a">KSUL</subfield>
    <subfield code="b">KSUL</subfield>
    <subfield code="c">DISPLAY</subfield>
    <subfield code="d">2025-07-18</subfield>
    <subfield code="i">109301</subfield>
    <subfield code="l">0</subfield>
    <subfield code="o">D21 .H36 2013 V.1</subfield>
    <subfield code="p">000000018238</subfield>
    <subfield code="r">2025-07-18 09:00:00</subfield>
    <subfield code="t">2</subfield>
    <subfield code="w">2025-07-18</subfield>
    <subfield code="y">BK</subfield>
  </datafield>
  <datafield tag="952" ind1=" " ind2=" ">
    <subfield code="0">0</subfield>
    <subfield code="1">0</subfield>
    <subfield code="2">lcc</subfield>
    <subfield code="4">0</subfield>
    <subfield code="6">D0021 H36  02013 V.00001</subfield>
    <subfield code="7">0</subfield>
    <subfield code="8">ARTS</subfield>
    <subfield code="9">372580</subfield>
    <subfield code="a">KSUL</subfield>
    <subfield code="b">KSUL</subfield>
    <subfield code="c">DISPLAY</subfield>
    <subfield code="d">2025-07-18</subfield>
    <subfield code="i">109302</subfield>
    <subfield code="l">0</subfield>
    <subfield code="o">D21 .H36 2013 V.1</subfield>
    <subfield code="p">000000018237</subfield>
    <subfield code="r">2025-07-18 09:00:00</subfield>
    <subfield code="t">3</subfield>
    <subfield code="w">2025-07-18</subfield>
    <subfield code="y">BK</subfield>
  </datafield>
  <datafield tag="952" ind1=" " ind2=" ">
    <subfield code="0">0</subfield>
    <subfield code="1">0</subfield>
    <subfield code="2">lcc</subfield>
    <subfield code="4">0</subfield>
    <subfield code="6">D0021 H36  02013 V.00001</subfield>
    <subfield code="7">0</subfield>
    <subfield code="8">ARTS</subfield>
    <subfield code="9">372581</subfield>
    <subfield code="a">KSUL</subfield>
    <subfield code="b">KSUL</subfield>
    <subfield code="c">DISPLAY</subfield>
    <subfield code="d">2025-07-18</subfield>
    <subfield code="i">109303</subfield>
    <subfield code="l">0</subfield>
    <subfield code="o">D21 .H36 2013 V.1</subfield>
    <subfield code="p">000000018650</subfield>
    <subfield code="r">2025-07-18 09:00:00</subfield>
    <subfield code="t">4</subfield>
    <subfield code="w">2025-07-18</subfield>
    <subfield code="y">BK</subfield>
  </datafield>
  <datafield tag="952" ind1=" " ind2=" ">
    <subfield code="0">0</subfield>
    <subfield code="1">0</subfield>
    <subfield code="2">lcc</subfield>
    <subfield code="4">0</subfield>
    <subfield code="6">D0021 H36  02013 V.00001</subfield>
    <subfield code="7">0</subfield>
    <subfield code="8">ARTS</subfield>
    <subfield code="9">372582</subfield>
    <subfield code="a">KSUL</subfield>
    <subfield code="b">KSUL</subfield>
    <subfield code="c">DISPLAY</subfield>
    <subfield code="d">2025-07-18</subfield>
    <subfield code="i">109304</subfield>
    <subfield code="l">0</subfield>
    <subfield code="o">D21 .H36 2013 V.1</subfield>
    <subfield code="p">000000018649</subfield>
    <subfield code="r">2025-07-18 09:00:00</subfield>
    <subfield code="t">5</subfield>
    <subfield code="w">2025-07-18</subfield>
    <subfield code="y">BK</subfield>
  </datafield>
</record>
